Taylor swift guess the song - Statistics

General Stats
  • This quiz has been taken 168 times
  • The average score is 207 of 313
Answer Stats
Lyrics % Correct
I
99%
you
98%
A
97%
a
97%
the
92%
The
92%
me
90%
and
89%
And
89%
love
88%
in
85%
In
85%
your
85%
Your
85%
on
84%
to
83%
When
82%
I'm
81%
of
81%
so
80%
you're
80%
No
79%
for
77%
that
77%
all
75%
All
75%
is
75%
But
72%
like
72%
Like
72%
We're
72%
one
70%
think
69%
It's
68%
not
68%
are
67%
loved
67%
they
67%
can
66%
I've
66%
Now
65%
now
65%
say
64%
before
63%
girls
63%
up
63%
oh
62%
time
60%
why
60%
Every
59%
mine
59%
more
59%
need
59%
with
58%
how
57%
nights
57%
just
56%
Made
56%
made
56%
some
55%
know
54%
late
53%
out
52%
over
52%
Baby
51%
baby
51%
fallen
50%
good
50%
knew
50%
phone
50%
thankful
50%
way
50%
street
49%
fights
47%
here
47%
heart
46%
straight
45%
there's
45%
wanna
45%
dead-end
44%
Lame
44%
name
43%
kind
42%
remember
42%
alone
41%
brought
41%
call
41%
feels
41%
forever
41%
goodbye
41%
Led
41%
someone
41%
into
40%
lady
40%
mother
40%
Teenage
40%
loyal
39%
teach
39%
woman
39%
taught
38%
around
37%
Crying
37%
dude
37%
feeling
37%
lines
37%
parallel
37%
past
37%
Stars
37%
town
37%
Treat
37%
bathroom
36%
cannot
36%
morning
36%
home
35%
intertwined
35%
amazing
34%
everything
34%
hands
34%
handwriting
34%
killing
34%
someone's
34%
wild
34%
drawn
33%
Fake
33%
sixteen
33%
Whose
33%
sneaking
32%
Wake
32%
aligned
31%
one's
31%
saying
31%
making
29%
without
29%
breaking
28%
Leave
28%
makeup
28%
Holding
26%
Secret
26%
jokes
24%
No matching quizzes found
Score Distribution
Percent of People with Each Score
Percentile by Number Answered
Your Score History
You have not taken this quiz